000 00518nam a2200193Ia 4500
003 GCL
005 20240530103554.0
008 140319s9999 xx 000 0 ara d
040 _aGCL /
_cGCL
082 0 4 _a814
_bا ى
100 1 _aاحمد حسين
245 1 0 _aيقظة العملاق او رحلة فى اسيا /
_cاحمد حسين
260 _c1953
300 _a133 ص ؛
_c19 سم
650 0 4 _aالعصر الحديث
650 0 4 _aالادب
650 0 4 _aادب الرحلات
942 _2ddc
_cBK
999 _c40780
_d40780